00673nam a2200205 i 4500001001000000003000900010005001700019007000300036008004100039040003000080041000800110082002000118100004800138245009600186264005800282300003900340336002700379337003300406338002800439000028344DO-SdBNP20260427090904.0ta110408s1996 dr c 000 0 spa d aDO-SdBNPbspacBNPHUerda aspa 4axxxxbC334s222 aCasals Victoria, Pedro Manuel,eautor4aut.13aLa separación de Haití y el problema dominico-haitiano /cPedro Manuel Casals Victoria. 1aSanto Domingo :bEditorial Pérez, C. por A.,c1996. a34 páginas :bretratos ;c21 cm. atextobtxt2rdacontent asin mediaciónbn2rdamedia avolumenbnc2rdacarrier